Training schemes for graduates : a report on a conference between the University of Melbourne Appointments Board and employers, 28 Nov. 1952 and 13 Mar. 1953.

Tallennettuna:
Bibliografiset tiedot
Yhteisötekijä: University of Melbourne. Appointments Board
Aineistotyyppi: Kirja
Kieli:English
Julkaistu: Carlton, Melb. : Melb. U.P., 1953.
Aiheet:
LEADER 00908nam a22002171 4500
001 c000371026
003 CARM
005 00000000000000.0
008 851211s1953 vra 0 eng d
019 1 |a 4182752  |5 LACONCORD2021 
035 |a (OCoLC)219933775  |5 LACONCORD2021 
110 2 0 |a University of Melbourne.  |b Appointments Board. 
245 1 0 |a Training schemes for graduates :  |b a report on a conference between the University of Melbourne Appointments Board and employers, 28 Nov. 1952 and 13 Mar. 1953. 
260 |a Carlton, Melb. :  |b Melb. U.P.,  |c 1953. 
300 |a 38 p. 
650 0 |a Graduates  |x Employment. 
650 0 |a Employees  |x Training of. 
852 8 |b CARM  |h A1:AN17G0  |i B08563  |p 0411384  |f BK 
082 0 4 |a 658.386 
999 f f |i 46590472-0250-5225-9be2-c3bf32d61e1b  |s 16492b49-b220-5d29-801a-340f44a301e0 
952 f f |p Can circulate  |a CAVAL  |b CAVAL  |c CAVAL  |d CARM 1 Store  |e B08563  |f A1:AN17G0  |h Other scheme  |i book  |m 0411384